000 00468nam a2200193Ia 4500
003 OSt
005 20251118151131.0
008 250729s1977 xx 000 0 und d
020 _a978-0913592953
040 _cAL
041 _aeng
082 _a158.1 CAMT
100 _aCampbell David
_9224502
245 _aTake the road to creativity & get off your dead end
260 _aTexas
_c1977
300 _a136p
650 _aPsychology
_9224503
942 _2ddc
_cBED
999 _c236442
_d236442